[Event "Madrid-ch"]
[Site "Madrid"]
[Date "2012.11.05"]
[Round "1"]
[White "Roldan Garcia, Angel"]
[Black "Estrada Martinez, Cesar"]
[Result "0-1"]
[WhiteElo "1755"]
[BlackElo "2085"]
[PlyCount "44"]
[EventDate "2012.11.05"]
[EventType "swiss"]
[EventRounds "9"]
[EventCountry "ESP"]
[SourceTitle "CBM 151 Extra"]
[Source "ChessBase"]
[SourceDate "2012.12.18"]
[SourceVersion "1"]
[SourceVersionDate "2012.12.18"]
[SourceQuality "1"]

1. e4 c5 2. c3 g6 3. Nf3 Bg7 4. d4 cxd4 5. cxd4 d5 6. exd5 Nf6 7. Nc3 Nxd5 8. Bc4 Nb6 9. Bb3 Nc6 10. d5 Na5 11. Be3 0-0 12. Bd4 Nxb3 13. Qxb3 Bxd4 14. Nxd4 e6 15. 0-0 exd5 16. Rfd1 Be6 17. Nce2 Qf6 18. Qg3 Rac8 19. Rd3 Nc4 20. b3 Ne5 21. Re3 Nc6 22. Rd1 Nxd4 0-1

[Event "ESP-ch Seniors 10th"]
[Site "Mondariz"]
[Date "2012.10.12"]
[Round "3"]
[White "Estrada Martinez, Cesar"]
[Black "Diaz Franco, Francisco Jorge"]
[Result "1/2-1/2"]
[WhiteElo "2090"]
[BlackElo "1987"]
[PlyCount "69"]
[EventDate "2012.10.10"]
[EventType "swiss"]
[EventRounds "9"]
[EventCountry "ESP"]
[SourceTitle "EXT 2013"]
[Source "ChessBase"]
[SourceDate "2012.11.22"]
[SourceVersion "1"]
[SourceVersionDate "2012.11.22"]
[SourceQuality "1"]

1. d4 Nf6 2. c4 e6 3. Nc3 Bb4 4. Qc2 0-0 5. a3 Bxc3+ 6. Qxc3 d6 7. Bg5 Nbd7 8. Nf3 c5 9. e3 Re8 10. dxc5 dxc5 11. Bd3 e5 12. Nd2 b6 13. Qc2 Qc7 14. Ne4 h6 15. Nxf6+ Nxf6 16. Bxf6 gxf6 17. 0-0-0 Bb7 18. Be4 Rad8 19. Bxb7 Qxb7 20. Qf5 Qe7 21. Rd5 Qe6 22. Qxe6 fxe6 23. Rd2 Rxd2 24. Kxd2 Rd8+ 25. Ke2 e4 26. f3 exf3+ 27. gxf3 Kf7 28. Rg1 Rg8 29. Rg3 Rg5 30. e4 e5 31. Ke3 Rh5 32. h3 Rh4 33. Kf2 f5 34. exf5 Rxc4 35. Rg6 1/2-1/2